40 pays manquants sur une carte - Statistiques

Statistiques générales
  • Ce quiz a été pris 5 451 fois
  • Le résultat moyen est 27 sur 40
Réponses sur la Carte
Les réponses sont colorées sur une échelle allant du rouge au vert en fonction du pourcentage des utilisateurs qui les ont devinées à leur premier essai. Vous pouvez retrouver ces pourcentages ci-dessous.
 
Statistiques - réponses
Pays % Correct
Canada
99%
États-Unis
99%
France
99%
Mexique
98%
Algérie
97%
Chine
97%
Russie
97%
Argentine
96%
Brésil
96%
Allemagne
95%
Espagne
95%
Kazakhstan
94%
Bolivie
93%
Égypte
93%
Italie
93%
Libye
93%
Mali
93%
Mongolie
93%
Pologne
93%
Ukraine
92%
Inde
91%
Suisse
90%
Turquie
90%
Colombie
89%
Pérou
89%
Venezuela
89%
Panama
88%
Paraguay
88%
République Démocratique du Congo
88%
Biélorussie
87%
Iran
87%
Niger
87%
République Tchèque
87%
Soudan
87%
Suède
87%
Maroc
86%
Mauritanie
86%
Arabie Saoudite
85%
Roumanie
85%
Afrique du Sud
84%
Autriche
84%
Équateur
84%
Tchad
84%
Portugal
83%
Australie
82%
Éthiopie
82%
Finlande
82%
Namibie
82%
Sénégal
82%
Afghanistan
81%
Angola
81%
Botswana
81%
Burkina Faso
81%
Nigeria
81%
Hongrie
80%
Népal
80%
Pakistan
80%
Royaume-Uni
80%
Indonésie
79%
Nicaragua
79%
Uruguay
79%
Chili
78%
Costa Rica
78%
Kenya
78%
République Centrafricaine
78%
République du Congo
78%
Bénin
77%
Cameroun
77%
Guatemala
77%
Irak
77%
Slovaquie
77%
Zambie
77%
Guinée
76%
Soudan du Sud
76%
Tanzanie
76%
Belgique
75%
Côte d'Ivoire
75%
Croatie
75%
Mozambique
75%
Norvège
75%
Tunisie
75%
Ouzbékistan
74%
Serbie
74%
Guyana
73%
Bulgarie
72%
Japon
71%
Ouganda
71%
Danemark
70%
Ghana
70%
Zimbabwe
70%
Grèce
68%
Lituanie
68%
Suriname
68%
Togo
68%
Moldavie
67%
Yémen
67%
Honduras
66%
Kosovo
66%
Bosnie-Herzégovine
65%
Macédoine du Nord
65%
Slovénie
65%
Turkménistan
65%
Birmanie
64%
Guinée-Bissau
64%
Oman
64%
Tadjikistan
64%
Thaïlande
64%
Corée du Nord
63%
Gabon
63%
Lesotho
63%
Madagascar
63%
Kirghizistan
61%
Lettonie
61%
Sierra Leone
60%
Bhoutan
59%
Corée du Sud
59%
Érythrée
59%
Laos
59%
Liberia
59%
Pays-Bas
59%
Azerbaïdjan
58%
Haïti
58%
Nouvelle-Zélande
58%
Viêt Nam
58%
Jordanie
57%
Malawi
57%
Monténégro
57%
Rwanda
57%
Somalie
57%
Irlande
56%
Bangladesh
55%
Estonie
55%
Philippines
55%
Cuba
54%
Papouasie-Nouvelle-Guinée
54%
Arménie
53%
Cambodge
53%
Maurice
53%
République Dominicaine
53%
Syrie
53%
Bahamas
52%
Géorgie
52%
Seychelles
52%
Burundi
51%
Islande
51%
Comores
50%
Jamaïque
50%
Sri Lanka
50%
Taïwan
50%
Cap-Vert
49%
Albanie
48%
Kiribati
48%
Malaisie
48%
États Fédérés de Micronésie
47%
Maldives
47%
Malte
47%
Belize
44%
Émirats Arabes Unis
44%
Guinée Équatoriale
44%
Îles Salomon
44%
Salvador
44%
Eswatini
41%
Gambie
40%
Israël
40%
Djibouti
39%
Sao Tomé-et-Principe
39%
Luxembourg
38%
Tuvalu
38%
Nauru
37%
Chypre
35%
Koweït
35%
Samoa
35%
Fidji
34%
Tonga
34%
Liban
33%
Vanuatu
33%
Qatar
31%
Îles Marshall
30%
Palaos
30%
Trinité-et-Tobago
18%
Timor Oriental
14%
Aucun quiz correspondant
Distribution des résultats
% des personnes avec chaque résultat
Percentile par nombre de réponses
Votre historique - résultats
Vous n’avez pas pris ce quiz